G10绥满高速公路途经的地级和县级行政区 - 地图版 - Statistics

General Stats
  • This quiz has been taken 39 times
  • The average score is 28 of 36
Answers on the Map
Answers color-coded by a green-red scale on the quiz's map according to % correct below.
 
Answer Stats
县级行政区 % Correct
绥芬河市
91%
海拉尔区
91%
满洲里市
91%
牙克石市
89%
肇东市
86%
尚志市
83%
安达市
83%
让胡路区
83%
牡丹江市
83%
哈尔滨市
83%
大庆市
83%
齐齐哈尔市
83%
东宁市
80%
龙凤区
80%
萨尔图区
80%
呼伦贝尔市
80%
阿城区
77%
香坊区
77%
南岗区
77%
道里区
77%
梅里斯达斡尔族区
77%
陈巴尔虎旗
77%
绥化市
77%
海林市
74%
松北区
74%
林甸县
74%
铁锋区
74%
阿荣旗
74%
新巴尔虎左旗
74%
建华区
71%
甘南县
71%
鄂温克族自治旗
71%
穆棱市
69%
东安区
66%
西安区
66%
阳明区
60%
No matching quizzes found
Score Distribution
Percent of People with Each Score
Percentile by Number Answered
Your Score History
You have not taken this quiz